Conversation: from description to pedagogy

-д хадгалсан:
Номзүйн дэлгэрэнгүй
Үндсэн зохиолчид: Thornbury, Scott (Зохиогч), Slade, Diana (Зохиогч)
Формат: Ном
Хэл сонгох:англи
Хэвлэсэн: Cambridge Cambridge University Press 2006
Хэвлэл:1a. ed
Цуврал:Cambridge Language Teaching Library
Нөхцлүүд:
Шошгууд: Шошго нэмэх
Шошго байхгүй, Энэхүү баримтыг шошголох эхний хүн болох!

MARC

LEADER 00000nam a2200000 a 4500
001 UCH0465
003 CL-VaPUC
008 090312e20060000UK |||||||||||||||||eng|d
020 |a 0.521981167 
082 0 4 |a 371.1022  |b THO  |2 21 
100 0 |a Thornbury, Scott  |e author  |9 534637 
700 0 |a Slade, Diana  |e author  |9 534638 
245 1 0 |a Conversation: from description to pedagogy 
250 |a 1a. ed 
300 |a 364 p 
942 |c BK 
945 |d 20090312 00:00:00  |a rbrito 
260 |a Cambridge  |b Cambridge University Press  |c 2006 
650 0 |a Conversación   |9 341332 
650 0 |a Comunicación   |9 257251 
650 0 |a Análisis del discurso  |9 256696 
650 7 |a INGLES-GRAMATICA  |2 CL-VaPUC  |9 313180 
650 0 |a Enseñanza del inglés  |9 367340 
650 0 |a Enseñanza de idiomas  |9 339820 
583 |a last modification  |c 20130105 02:09:54  |k Rodrigo Vera 
490 0 |a Cambridge Language Teaching Library 
999 |c 332764  |d 332762 
952 |0 0  |1 0  |4 0  |6 371_102200000000000_THO_2006  |7 0  |8 A  |9 420672  |a BIBEDU  |b BIBEDU  |d 2019-11-22  |i 4514203  |o 371.1022 THO 2006  |p 4514203  |r 2019-11-22  |w 2019-11-22  |y BK  |k LIT 
952 |0 0  |1 0  |4 0  |6 371_102200000000000_THO_2006  |7 0  |8 A  |9 420673  |a BIBEDU  |b BIBEDU  |d 2019-11-22  |i 4514211  |o 371.1022 THO 2006  |p 4514211  |r 2019-11-22  |w 2019-11-22  |y BK  |k LIT